| 000 | 01245nam a2200313Ia 4500 | ||
|---|---|---|---|
| 001 | ebr10172259 | ||
| 003 | CaPaEBR | ||
| 006 | m u | ||
| 007 | cr cn||||||||| | ||
| 008 | 070416s2007 enka sb 000 0 eng d | ||
| 020 | _z9781846633980 (pbk.) | ||
| 040 |
_aCaPaEBR _cCaPaEBR |
||
| 035 | _a(OCoLC)243615884 | ||
| 050 | 1 | 4 |
_aHD8039.K59 _bI546 2007eb |
| 082 | 0 | 4 |
_a363.31 _222 |
| 245 | 0 | 0 |
_aInformation ethics _h[electronic resource] / _ctheme editor, Kenneth Einar Himma. |
| 260 |
_aBradford : _bEmerald, _c2007. |
||
| 300 |
_a164 p. : _bill. |
||
| 490 | 1 |
_aLibrary hi tech, _x0737-8831 ; _vv. 25, no. 1 |
|
| 504 | _aIncludes bibliographical references. | ||
| 533 |
_aElectronic reproduction. _bPalo Alto, Calif. : _cebrary, _d2011. _nAvailable via World Wide Web. _nAccess may be limited to ebrary affiliated libraries. |
||
| 650 | 0 |
_aInformation society _xMoral and ethical aspects. |
|
| 650 | 0 |
_aKnowledge workers _xProfessional ethics. |
|
| 655 | 7 |
_aElectronic books. _2local |
|
| 700 | 1 | _aHimma, Kenneth Einar. | |
| 710 | 2 | _aebrary, Inc. | |
| 830 | 0 |
_aLibrary hi tech ; _vv. 25, no. 1. |
|
| 856 | 4 | 0 |
_uhttp://site.ebrary.com/lib/rucke/Doc?id=10172259 _zAn electronic book accessible through the World Wide Web; click to view |
| 999 |
_c139281 _d139281 |
||